[Event "EU-Cup 18th"]
[Site "Kallithea"]
[Date "2002.09.23"]
[Round "2.5"]
[White "Sulypa, Oleksandr"]
[Black "Radjabov, Teimour"]
[Result "0-1"]
[WhiteElo "2505"]
[BlackElo "2618"]
[Annotator "Rogozenco,D"]
[PlyCount "62"]
[EventDate "2002.09.22"]
[EventType "team-swiss"]
[EventRounds "7"]
[EventCountry "GRE"]
[SourceTitle "CBM 092"]
[Source "ChessBase"]
[SourceDate "2003.02.06"]
[SourceVersion "1"]
[SourceVersionDate "2003.02.06"]
[SourceQuality "1"]
[WhiteTeam "Karpaty"]
[BlackTeam "Sarajevo Bosna"]
[WhiteTeamCountry "UKR"]
[BlackTeamCountry "BIH"]

1. e4 {Radjabov} c5 2. Nf3 Nc6 3. d4 cxd4 4. Nxd4 Nf6 5. Nc3 e5 6. Ndb5 d6 7.
Bg5 a6 8. Na3 b5 9. Nd5 Be7 10. Bxf6 Bxf6 11. c3 Ne7 {This move is a sharper
alternative to the quiet 11...Bg5 or 11...0-0 and is made often when Black
wants more than fighting for equality.} 12. Nxf6+ gxf6 13. Bd3 Bb7 14. Nc2 d5
15. exd5 Qxd5 16. Ne3 Qe6 17. Qh5 O-O-O 18. Bc2 Kb8 {This theoretical position
is good for Black. White can win pawn f7, but it allows Black to develop a
strong initiative thanks to the lead in development and possibility to push
the f-pawn, increasing the initiative.} 19. Bb3 Qc6 $5 (19... Qb6 {is another
reaction. However, lately 19...Qb6 lost its popularity in favour of 19...Qc6,
which is apparently even more promising.} 20. Rd1 (20. Qxf7 Ng6 21. Bd5 Bc8 22.
O-O Nf4 $6 (22... Rd7 23. Qe6 Rd6 $11) 23. Qg7 Rhe8 24. Rfd1 Rd7 25. Qh6 Red8
26. Bf3 Bb7 27. Bxb7 Kxb7 28. Rxd7+ Rxd7 29. Rd1 Rf7 30. g3 Ng6 31. Nf5 $18 {
Holmsten,A-Nataf,I/Cappelle la Grande 2001.}) 20... Ng6 21. Rxd8+ (21. O-O Nf4
22. Qxf7 {0,5-0,5 Ye Jiangchuan-Krasenkow,M/Shenyang 1999. The analysis proved
later that draw was objectively the correct result.}) 21... Rxd8 22. Qxh7 Nf4
23. O-O Rd2 24. Qg8+ Ka7 {Magomedov,M-Isaev,J/Dushanbe 2000. Here according to
Magomedov White would have gained advantage after the active 25.h4. Such an
evaluation needs practical tests.}) 20. Bxf7 {'N' Radjabov. It is hard to
believe that White can allow himself taking this pawn, since now Black will
quickly develop the initiative.} (20. Qxf7 {Some recent examples show that
Black has a good compensation after this capture as well.} Ng6 21. Rd1 (21. O-O
Nf4 22. Qg7 h5 23. Rfd1 h4 24. Qe7 Qb6 25. Rxd8+ Rxd8 26. Rd1 Rxd1+ 27. Bxd1 h3
28. g3 Qc6 29. f3 Qb6 30. Qf8+ Ka7 31. Kf2 Nd3+ 32. Ke2 Nxb2 33. Bc2 Na4 34.
Bxa4 bxa4 35. Qb4 Qc6 36. Kd2 Qd7+ 37. Ke2 Qc6 38. Kd2 Qd7+ 39. Ke2 Qc6 {
1/2-1/2 Haba,P-Zezulkin,J/CZE 2001}) 21... Nf4 22. Qg7 Rxd1+ 23. Kxd1 (23. Bxd1
Nd3+ 24. Kf1 Rd8 25. Qe7 Re8 26. Qa3 Nf4 27. Rg1 Rd8 $17 {Zozulia,A-Zezulkin,J/
Polanica Zdroj 2000}) 23... Rd8+ 24. Kc1 b4 $1 25. c4 Nd3+ 26. Kb1 Nxf2 27. Re1
Qb6 {'!?' Radjabov.} 28. Bc2 Nd3 {'!' Radjabov.} 29. Bxd3 Rxd3 30. Nd5 {
'?!' Radjabov.} (30. Qf8+ {Radjabov} Ka7 $17) 30... Qd4 {'-+!' Radjabov.} 31.
Qc7+ Ka7 32. Nxb4 Rd1+ 33. Kc2 Rd2+ 34. Kb3 Rxb2+ 35. Ka4 Rxb4+ 36. Kxb4 Qb2+
37. Ka4 Qxa2+ 38. Kb4 Qd2+ 39. Kc5 Qf2+ 40. Kd6 Qxe1 41. Qc5+ Kb8 42. Ke6 Qd2 {
0-1 De Vreugt,D-Van Wely,L/Amsterdam 2002}) 20... f5 21. Rd1 $6 {A typical
move for this variation - White trades a pair of rooks in order to diminish
Black's initiative. But the problem remains the same - White's king cannot
find a safe place.} (21. O-O $142 {White must castle short quickly, since
Black has nothing concrete:} Rd2 $44 (21... f4 {doesn't work:} 22. Qxe5+ Ka8
23. Qxf4 Rhf8 (23... Rdf8 24. Qe5) 24. Rad1) (21... Ka7 {Stepping with the
king on the a-file has its drawbacks too:} 22. a4 $1 (22. c4 f4 23. cxb5 (23.
Nd5 $2 bxc4) 23... axb5 24. a4 $132 Qe4 $140 25. axb5+ Kb8 26. Ra4 $1 Qxa4 27.
Qxe5+ Ka8 28. Nc4 $40) 22... f4 $140 23. axb5) ({or} 21... Ka8 22. a4 {is
similar to 21...Ka7.})) 21... Rxd1+ 22. Kxd1 {If White is forced to take on d1
with the king, it is clear that Black has more than enough compensation.} (22.
Nxd1 Qxg2 $17) (22. Qxd1 f4 $17) 22... b4 $1 $17 23. Qg5 (23. Qh4 $1 {Radjabov}
Qd6+ (23... Ng6 {Radjabov} 24. Qxb4 f4 25. Bd5 Rd8 26. Kc1 Rxd5 27. Nxd5 Qxd5
28. Rd1 $14) (23... bxc3 $2 {Radjabov} 24. Qxe7 Ka8 25. b3 $18) (23... Rd8+ {
Radjabov} 24. Kc1 bxc3 25. Qxe7 cxb2+ 26. Kb1 Qe4+ 27. Nc2 Rc8 28. Bb3 Qxg2 29.
Qxe5+ $18) 24. Ke2 (24. Kc1 {Radjabov} bxc3 (24... f4 {Radjabov} 25. Nc4 $13)
25. Rd1 cxb2+ (25... Qc7 {Radjabov} 26. Qf6 $11) 26. Kxb2 Qc7 27. Qf6 $1 Rc8 (
27... Rf8 {Radjabov} 28. Qe6 Bc6 29. Nc4 Bd5 30. Qb6+ Qxb6+ 31. Nxb6 Bc6 32.
Bb3 Kc7 33. Nc4 $11) 28. Nc4 Rf8 $5 29. Nxe5 Nd5 30. Qxf5 Qc3+ 31. Kb1 Ka7 (
31... Qb4+ {Radjabov} 32. Ka1 Qc3+ $11) 32. Qc2 $1 $16) 24... f4 $17) 23... Qc7
{'!' Radjabov.} 24. Ke2 {'?' Radjabov.} (24. cxb4 Rd8+ 25. Ke2 f4 26. Nc4 Nc6
$19 {[%cal Gc6d4,Gf4f3]}) (24. Kc2 {doesn't solve the king problem:} Be4+) (24.
Re1 {Radjabov} Rd8+ 25. Kc1 bxc3 $15) 24... Rf8 $1 25. Bb3 (25. Qg7 Ng6 $1 $19)
25... f4 {White is in big trouble.} 26. Qg7 f3+ $19 {'!' Radjabov.} 27. gxf3 {
'??' Radjabov.} (27. Kf1 Rd8 28. h4 (28. gxf3 Bxf3 {'!' Radjabov.} 29. Rg1 bxc3
{'!' Radjabov.} 30. bxc3 Qxc3 $19) 28... bxc3 29. bxc3 Qxc3 $19) 27... Bxf3+
28. Kf1 Rd8 29. Rg1 (29. Kg1 {Radjabov} Ng6 $19) 29... bxc3 30. Rg3 cxb2 31.
Bc2 b1=Q+ 0-1

[Event "EU-Cup 18th"]
[Site "Kallithea"]
[Date "2002.09.24"]
[Round "3.5"]
[White "Radjabov, Teimour"]
[Black "Tregubov, Pavel V"]
[Result "0-1"]
[WhiteElo "2618"]
[BlackElo "2599"]
[Annotator "Dautov,R"]
[PlyCount "80"]
[EventDate "2002.09.22"]
[EventType "team-swiss"]
[EventRounds "7"]
[EventCountry "GRE"]
[SourceTitle "CBM 092"]
[Source "ChessBase"]
[SourceDate "2003.02.06"]
[SourceVersion "1"]
[SourceVersionDate "2003.02.06"]
[SourceQuality "1"]
[WhiteTeam "Sarajevo Bosna"]
[BlackTeam "Norilsk Nikel"]
[WhiteTeamCountry "BIH"]
[BlackTeamCountry "RUS"]

{[%mdl 32768]} 1. d4 d5 2. c4 e6 3. Nf3 Nf6 4. Nc3 Be7 5. Bf4 (5. Bg5 O-O 6. e3
Nbd7 7. Rc1 dxc4 8. Bxc4 a6 9. a4 c5 10. O-O cxd4 11. exd4 Nb6 12. Bb3 Bd7 13.
Ne5 Bc6) 5... O-O 6. e3 Nbd7 7. Be2 dxc4 8. Bxc4 a6 9. a4 c5 10. O-O {Eine
seltene Fortsetzung, Radjabov strebt einen komplexen Kampf an und scheut kein
Risiko. Weniger anspruchsvoll, aber mehr verbreitet ist 10.dxc5.} (10. dxc5
Bxc5 (10... Nxc5 $5) 11. O-O b6 12. Qe2 Bb7 13. Rfd1 Qe7 14. h3 Rfc8 15. Rac1
Nf8 16. Ne5 Ng6 17. Nxg6 hxg6 18. Be5 Nh5 (18... Bb4 $5 19. Bd4 Bc5 $11) 19.
Bh2 Qg5 20. Qg4 Qxg4 21. hxg4 Nf6 22. Be2 Kf8 23. g5 $14 {Gurevich,M-Vaganian,
R/Moscow 2001}) 10... cxd4 11. exd4 Nb6 12. Bb3 (12. Ba2 Nbd5 13. Bg3 Nxc3 14.
bxc3 Qa5 15. c4 Bd7 16. Bb3 Bc6 17. Re1 Rfe8 18. Ne5 Rad8 19. Ra2 Qb6 20. Nxc6
bxc6 21. Be5 Nd7 22. a5 Qa7 23. Bf4 Nf8 24. Be3 Bc5 $15 {McCormick,E-Morris,H/
Ventnor City 1939}) 12... Bd7 13. Ne5 Bc6 {Schwarz verfährt nach bekannten
Mustern. Die Stellung ist aus dem Damengambit bekannt, dort hat Weiß
allerdings bereits seinen Turm auf c1 und den Läufer auf g5 stehen, mit
anderen Worten er hat zwei Tempi mehr (siehe die Variante zum 5.Zug von Weiß).}
14. Re1 Nbd5 15. Bg5 Qd6 (15... Nb4 $5 {/\Bd5}) 16. Qd3 Nb4 17. Qh3 Bd5 $1 {
Spielt man gegen Isolani, ist Materialreduzierung meistens empfehlenswert.} ({
Unerfreulich für Schwarz wäre} 17... Qxd4 $2 18. Bxe6 Bc5 19. Re2 fxe6 $2 20.
Rd1 $18) 18. Nxd5 Nfxd5 19. Bd2 Rad8 20. Re4 $6 Nc6 21. Rae1 Qc7 22. Rg4 $6 Bf6
$15 23. Nf3 Nde7 $1 {[%csl Rd4][%cal Ge7f5] Die weißen Schwerfiguren auf dem
Königsflügel zeigen wenig Wirkung, während der Isolani ernsthaft zur Schwäche
zu neigen beginnt.} 24. Bc2 Nf5 25. Be3 Nce7 ({Noch besser war m.E.} 25... g6
$1 {/\Nxd4} 26. Bxf5 exf5 $17) 26. Be4 g6 27. Rc1 Qb6 $17 {Der weiße
Damenflügel wird zur Beute der schwarzen Dame.} 28. Rf4 Bg7 ({Nichts sprach
gegen} 28... Qxb2 $5 29. Rb1 Qa2 $17) 29. Rb1 Nd5 30. Bxd5 Rxd5 31. Ng5 h6 32.
Ne4 Qb3 33. Nc3 Rd7 $19 {Ohne einen Bauern zu schlagen erreichte Tregubov eine
komplett gewonnene Stellung.} 34. Qg4 Rfd8 35. h4 h5 36. Qe2 Nxd4 37. Bxd4 Rxd4
38. Rf3 Qc4 39. Qe3 Rd3 40. Qe2 Rxc3 0-1

[Event "EU-Cup 18th"]
[Site "Kallithea"]
[Date "2002.09.25"]
[Round "4.5"]
[White "Alekseev, Evgeny V"]
[Black "Radjabov, Teimour"]
[Result "1/2-1/2"]
[WhiteElo "2580"]
[BlackElo "2618"]
[Annotator "Rogozenco,D"]
[PlyCount "79"]
[EventDate "2002.09.22"]
[EventType "team-swiss"]
[EventRounds "7"]
[EventCountry "GRE"]
[SourceTitle "CBM 092"]
[Source "ChessBase"]
[SourceDate "2003.02.06"]
[SourceVersion "1"]
[SourceVersionDate "2003.02.06"]
[SourceQuality "1"]
[WhiteTeam "St Petersburg"]
[BlackTeam "Sarajevo Bosna"]
[WhiteTeamCountry "RUS"]
[BlackTeamCountry "BIH"]

1. e4 c5 2. Nf3 Nc6 3. d4 cxd4 4. Nxd4 Nf6 5. Nc3 e5 6. Ndb5 d6 7. Bg5 a6 8.
Na3 b5 9. Nd5 Be7 10. Bxf6 Bxf6 11. c3 Bg5 12. Nc2 O-O 13. a4 bxa4 14. Rxa4 a5
15. Bc4 Rb8 16. Ra2 {More popular is 16.b3. By retreating the rook on a2 White
doesn't define yet the pawn structure on the queenside. He keeps the
possibility to play either b3 or b4 later. Also the rook from a2 can be
quickly transfered to the center after the push of b-pawn.  In principle both
16.b3 and 16.Ra2 are about same value - White keeps a slight edge, thanks to
the better pawn structure (good control over weak square d5). On the other
hand the position is very close to equal (it is even considered equal by the
theory, actually) - Black has enough play after the advance f7-f5.} Kh8 17. O-O
f5 (17... g6 {is another possibility. However, the practice proved that Black
equalizes after the immediate f7-f5 in these kind of positions.}) 18. exf5 Bxf5
19. Nce3 Bg6 20. f3 {Aseev's novelty is better than the old 20.Qa4. The point
is that White is fighting for square e4 as well, trying to prevent the typical
Black's plan e5-e4 followed by ...Ne5.} (20. Qa4 Qc8 {and after both 21.Bb5?!
Be8 or 21.Rd1 e4 Black has good play.}) 20... Qd7 (20... e4 $2 21. f4 {is the
idea of 20.f3.}) (20... Bf7 $11 {/+/=}) 21. Ng4 $5 {With the intention after
Ng4-f2 to control very well both important squares - d5 and e4. 21.Ng4 is a
logical follow-up of the previous White's move.} (21. b3 Qa7 (21... Bxe3+ 22.
Nxe3 Qa7 23. Qd2 Bf7 24. Kh1 Bxc4 25. Nxc4 (25. bxc4 Qc5 26. Rd1 $13) 25... Qc5
26. Qxd6 Qxd6 27. Nxd6 Rxb3 $11) 22. Qe1 Bf7 23. Qf2 Bxe3 24. Qxe3 Qxe3+ 25.
Nxe3 Bxc4 26. bxc4 Rb3 27. Rc1 Kg8 28. Nf1 $1 Kf7 29. Nd2 Rb6 30. Ne4 Ke7 31.
Rd1 Rd8 32. Rad2 $14 {1-0 Aseev,K-Eljanov,P/St Petersburg 2000 (79)}) 21... Ne7
{White removed a piece which controls d5 and Black immediately uses this.} 22.
Nf2 (22. Rxa5 $2 Rxb2 $17) 22... Nxd5 23. Bxd5 {White plans Nf2-e4 and Black
will probably have to trade that knight anyway. In the game he decided to
exchange the dark-squared bishop. In either case White retains the slight plus
(weakness on b2 against weaknesses on d6 and a5), which plays little role
though - the game will end in a draw one way or another. The most White can
reach is a drawish rook endgame with a pawn up.} Be3 24. Kh1 Bxf2 25. Rxf2 Qb5
26. Ra1 e4 {Each exchange of pawns brings the game closer to draw.} 27. Re2
exf3 28. Bxf3 $14 {[%csl Ra5,Rb2,Rd6] /=} Bh5 29. Bxh5 Qxh5 30. h3 h6 31. Qd2
Rf6 32. Ra4 Rbf8 33. Rd4 Qc5 34. Kh2 Qb6 35. Qd3 Rf5 $5 {[%cal Gf5b5]} 36. Rxd6
Qb8 37. Rd2 (37. c4 a4 (37... R8f6 38. Re8+ (38. Rd2 $5 Rc5 39. Qg3 $1 (39. b3
Rc6)) 38... Qxe8 39. Rd8 Qxd8 40. Qxd8+ $14 {/=}) 38. Rd2 Qc7 39. g3 Qc5 $44) (
37. g3 Qa7 $44 (37... Rf3 38. Qd4)) 37... Rb5 $11 38. Qd4 Rf6 39. c4 Rxd6 40.
Qxd6 1/2-1/2

[Event "EU-Cup 18th"]
[Site "Kallithea"]
[Date "2002.09.26"]
[Round "5.5"]
[White "Fressinet, Laurent"]
[Black "Radjabov, Teimour"]
[Result "1/2-1/2"]
[WhiteElo "2619"]
[BlackElo "2618"]
[PlyCount "50"]
[EventDate "2002.09.22"]
[EventType "team-swiss"]
[EventRounds "7"]
[EventCountry "GRE"]
[SourceTitle "CBM 092"]
[Source "ChessBase"]
[SourceDate "2003.02.06"]
[SourceVersion "1"]
[SourceVersionDate "2003.02.06"]
[SourceQuality "1"]
[WhiteTeam "Paris NAO"]
[BlackTeam "Sarajevo Bosna"]
[WhiteTeamCountry "FRA"]
[BlackTeamCountry "BIH"]

1. e4 e6 2. d4 d5 3. Nc3 Nf6 4. Bg5 dxe4 5. Nxe4 Be7 6. Bxf6 Bxf6 7. Nf3 Nd7 8.
Qd2 O-O 9. O-O-O Be7 10. Bd3 c5 11. dxc5 Qc7 12. Qe2 b6 13. c6 Qxc6 14. Neg5
Bxg5+ 15. Nxg5 Nf6 16. Ne4 Nd5 17. Kb1 Bb7 18. Qd2 Qc7 19. Rhe1 Rfd8 20. g3 a5
21. a3 Rac8 22. Qe2 h6 23. h4 Bc6 24. c4 Ne7 25. Nc3 Rd7 1/2-1/2

[Event "EU-Cup 18th"]
[Site "Kallithea"]
[Date "2002.09.27"]
[Round "6.5"]
[White "Radjabov, Teimour"]
[Black "Korobov, Anton"]
[Result "1-0"]
[WhiteElo "2618"]
[BlackElo "2534"]
[PlyCount "109"]
[EventDate "2002.09.22"]
[EventType "team-swiss"]
[EventRounds "7"]
[EventCountry "GRE"]
[SourceTitle "CBM 092"]
[Source "ChessBase"]
[SourceDate "2003.02.06"]
[SourceVersion "1"]
[SourceVersionDate "2003.02.06"]
[SourceQuality "1"]
[WhiteTeam "Sarajevo Bosna"]
[BlackTeam "Momot Alexander"]
[WhiteTeamCountry "BIH"]
[BlackTeamCountry "UKR"]

1. d4 Nf6 2. c4 e5 3. dxe5 Ng4 4. Nf3 Bc5 5. e3 Nc6 6. Be2 Ngxe5 7. Nxe5 Nxe5
8. Nc3 O-O 9. O-O Re8 10. Na4 Bf8 11. b3 d6 12. Bb2 Qh4 13. Nc3 c6 14. Qd4 Qxd4
15. exd4 Ng6 16. g3 Bd7 17. Rfe1 f5 18. Rad1 Be7 19. f4 Bf6 20. Kf2 Nf8 21. Bf3
Rxe1 22. Kxe1 Be8 23. Ne2 Bf7 24. Ba3 Rd8 25. d5 c5 26. b4 b6 27. Kd2 Nd7 28.
Nc3 Bxc3+ 29. Kxc3 Nf6 30. bxc5 bxc5 31. Rb1 Re8 32. Kd2 Ne4+ 33. Kc2 g5 34.
Rb7 Nf2 35. fxg5 Bg6 36. Kd2 Ne4+ 37. Bxe4 Rxe4 38. Rd7 Rxc4 39. Rxd6 Rd4+ 40.
Kc3 Bf7 41. Rd8+ Kg7 42. d6 Kg6 43. h4 a5 44. Kc2 Rd5 45. Bc1 c4 46. Bf4 Rd3
47. Rf8 Bd5 48. Rc8 a4 49. Kc1 Be6 50. Rf8 Kh5 51. Re8 Bf7 52. Re7 Bd5 53.
Rxh7+ Kg4 54. Re7 c3 55. Re3 1-0

[Event "EU-Cup 18th"]
[Site "Kallithea"]
[Date "2002.09.28"]
[Round "7.5"]
[White "Baklan, Vladimir"]
[Black "Radjabov, Teimour"]
[Result "1/2-1/2"]
[WhiteElo "2614"]
[BlackElo "2618"]
[PlyCount "38"]
[EventDate "2002.09.22"]
[EventType "team-swiss"]
[EventRounds "7"]
[EventCountry "GRE"]
[SourceTitle "CBM 092"]
[Source "ChessBase"]
[SourceDate "2003.02.06"]
[SourceVersion "1"]
[SourceVersionDate "2003.02.06"]
[SourceQuality "1"]
[WhiteTeam "Kazan Ladya"]
[BlackTeam "Sarajevo Bosna"]
[WhiteTeamCountry "RUS"]
[BlackTeamCountry "BIH"]

1. e4 e6 2. d4 d5 3. Nc3 Nf6 4. Bg5 Bb4 5. exd5 Qxd5 6. Bxf6 Bxc3+ 7. bxc3 gxf6
8. Nf3 Nd7 9. Bd3 b6 10. O-O Bb7 11. Re1 O-O-O 12. Be4 Qc4 13. Bxb7+ Kxb7 14.
Re3 Rhg8 15. a4 a5 16. Nd2 Qc6 17. Qf3 Qxf3 18. Rxf3 Rg4 19. Rb1 Rdg8 1/2-1/2

[Event "FIDE World Cup-B"]
[Site "Hyderabad"]
[Date "2002.10.11"]
[Round "2"]
[White "Radjabov, Teimour"]
[Black "Kobese, Watu"]
[Result "1-0"]
[WhiteElo "2628"]
[BlackElo "2399"]
[Annotator "Huebner,R"]
[PlyCount "41"]
[EventDate "2002.10.05"]
[EventType "tourn"]
[EventRounds "5"]
[EventCountry "IND"]
[EventCategory "14"]
[SourceTitle "CBM 092"]
[Source "ChessBase"]
[SourceDate "2003.02.06"]
[SourceVersion "1"]
[SourceVersionDate "2003.02.06"]
[SourceQuality "1"]

1. d4 d5 2. c4 c6 3. Nc3 Nf6 4. e3 Bg4 {Dies ist eine radikale Lösung des
Entwicklungsproblems des weißfeldrigen Läufers, das den Schwarzen in dieser
Stellung plagt. Sie hat jedoch ihre Schwierigkeiten.} 5. Qb3 Qd7 {Es gibt
keine andere befriedigende Möglichkeit, den Bauern auf b7 zu decken (einen Zug
wie 5...Lc8 nenne ich nicht befriedigend), aber jetzt taucht der
Königsspringer des eißen unter Tempogewinn auf e5 auf.} 6. h3 Bh5 7. g4 Bg6 8.
Nf3 e6 9. Ne5 Qc7 10. cxd5 exd5 $2 (10... Nxd5 {ist unumgänglich.}) 11. f4 Be4
12. Rg1 h6 {Dieser Zug führt rasch zum Verlust, aber die Stellung des
Nachziehenden ist schon rettungslos verloren:} (12... Qb6 13. Qxb6 axb6 14. g5
Nfd7 15. Nxe4 dxe4 16. Bc4 Nxe5 17. fxe5 Be7 18. Rg4 {, und Schwarz wird bald
auseinandergenommen; der weißfeldrige Läufer hat überwältigende Kraft, und oft
ist e5-e6 entscheidend.}) (12... a5 13. g5 Nfd7 14. Nxe4 Nxe5 15. fxe5 dxe4 16.
Bd2 {gibt kein erfreulicheres Bild für Schwarz.}) 13. g5 hxg5 14. fxg5 Nfd7 15.
Nxf7 Qh2 $6 {Damit erreicht Schwarz nichts, und zu allem Überfluß hängt noch
b7. Aber auch nach} (15... Rh4 16. Nxe4 Rxe4 17. Bd3 Rh4 18. Bg6 Ke7 19. Bd2 {
bereitet der Anblick der Stellung des Schwarzen keine Freude.}) 16. Nxe4 $18
Qxg1 (16... Kxf7 17. Rg4 {mit Gewinn.}) 17. Nxh8 dxe4 18. Qf7+ Kd8 19. Qf4 Na6
20. Bd2 Nb4 21. O-O-O 1-0

[Event "FIDE World Cup-B"]
[Site "Hyderabad"]
[Date "2002.10.14"]
[Round "5"]
[White "Yermolinsky, Alex"]
[Black "Radjabov, Teimour"]
[Result "0-1"]
[WhiteElo "2575"]
[BlackElo "2628"]
[Annotator "Hazai,L"]
[PlyCount "96"]
[EventDate "2002.10.05"]
[EventType "tourn"]
[EventRounds "5"]
[EventCountry "IND"]
[EventCategory "14"]
[SourceTitle "CBM 092"]
[Source "ChessBase"]
[SourceDate "2003.02.06"]
[SourceVersion "1"]
[SourceVersionDate "2003.02.06"]
[SourceQuality "1"]

1. d4 Nf6 2. c4 g6 3. Nc3 Bg7 4. e4 d6 5. h3 O-O 6. Bg5 Na6 7. Bd3 e5 8. d5 Qe8
9. g4 Nc5 {This is a rare continuation, because it was thought that Qe8 and
Nc5 do not fit together.} (9... Nd7 {/\ Ndc5 and f5 is the main line.}) (9...
Kh8 {/\ Ng8, f5 is the major alternative plan.}) 10. Bc2 a5 11. Qd2 {This
looks very logical, but probably not the best.} (11. Qf3 $1 {is the way how
White can try to punish Black's unusual setup.} Nfd7 (11... Qe7 12. Nge2 h6 13.
Bh4 g5 14. Bg3 h5 {otherwise White can prepare f2-f3 and Bf2 bringing back the
B into action. Black has no counterplay on the closed >>, while White will
advance slowly but surely on the other flank.} 15. gxh5 $16) 12. Nb5 Na6 13.
Ne2 $14) 11... Bd7 (11... c6 {/\ 12...cxd5 13.cxd5 b5!} 12. a4 (12. dxc6 {
accepting the P sacrifice activates the black pieces dramatically.} bxc6 13.
Qxd6 Ne6 14. Bxf6 (14. Be3 Nd4 $1 $132) 14... Bxf6 $44 {and the weakness of
the dark squares begins to tell.}) 12... Qd8 $5 {/\ Qb6 activating the Q looks
more flexible.} (12... cxd5 {This gives up the control of the vital light
squares b5 and c4.} 13. cxd5 (13. Bxf6 $6 {The dark-squared B is the heart and
soul of White's position.} Bxf6 14. Nxd5 Bd8 $13) 13... Bd7 14. Nge2 Kh8 $1 {
/\ Ng8} 15. f3 (15. Ng3 $5 Ng8 16. O-O $14) 15... Ng8 16. Kf2 (16. Ng3 b5 17.
axb5 Bxb5 18. Kf2 Bc4 $13) 16... f5 17. Kg2 fxe4 18. Nxe4 Nxe4 19. fxe4 Bf6 20.
Be3 Bh4 21. Ng1 b5 {(Lazarev-Ibragimov, Alushta 1993 CBM 36)} 22. Nf3 $5 {
Glatman} Be7 23. Rhf1 bxa4 24. Ng5 $14)) 12. Nge2 b5 $1 {Now we see the idea
behind Qe8 and Bd7!} (12... Kh8 {/\ Ng8} 13. f3 (13. Ng3 $5) 13... Ng8 14. Ng3
Ne7 15. O-O-O b5 16. cxb5 f6 17. Be3 Bxb5 18. h4 Na4 19. Nxa4 Bxa4 20. h5 Bxc2
21. Qxc2 $14 {Steinbacher-Piket, Ostend 1990}) 13. cxb5 Bxb5 14. Ng3 (14. Be3
Ba6 15. Bxc5 dxc5 16. Ba4 Qe7 $13 {and White will regret the exchange of his
excellent dark-squared B.}) ({In case of} 14. Nxb5 Qxb5 15. Nc3 {Black can
bravely take the P by} Qxb2 16. Rb1 Qa3 17. Be3 Rab8 $13) 14... Ba6 15. O-O-O (
15. f3 Rb8 16. b3 c6 $132 {blows up the [+] just in time.}) 15... Nfd7 16. Bh6
{From strategical point of view this exchange is not recommendable for White.
He has no direct -> on the >>. However he has to do something against Black's
threats on the other flank.} (16. h4 Nb6) (16. Be3 Nb6) 16... f6 (16... Nb6 $2
{is a blunder due to} 17. Bxg7 Kxg7 18. Nh5+ $1 $18) 17. Bxg7 Kxg7 18. h4 Nb6
19. g5 (19. b3 a4 $40) 19... fxg5 (19... Nc4 20. gxf6+ Rxf6 21. Qg5) 20. Qxg5
Qd8 21. Rh2 (21. Nf5+ $1 {activating the passive N was more to the point.} Kh8
22. Ne7 Rf7 23. Nc6) 21... Qxg5+ 22. hxg5 Rf3 23. Rdh1 h5 24. gxh6+ Kh7 {
Black is a P down, but he has a strong pressure on the f <->, and White's B is
utterly passive.} 25. Rg1 Raf8 26. Nd1 Bb5 27. Nf1 R3f4 28. Nd2 Nc4 (28... Be2
{- 28...Nc4}) 29. Nb1 Nb6 30. Nd2 Be2 {Black is certainly not happy with the
repetition of moves!} 31. Rgg2 Nc4 32. Nc3 Bd3 33. Nxc4 $2 (33. Nb3 {was the
best chance to find some counterchance.} Bxe4 34. Nxc5 Bxg2 35. Ne6) 33... Bxc4
{/\ Bf1} 34. Kd2 Bf1 {Now Black gains back the P and penetrates on the second
rank. The h6 P will fall soon.} 35. Rg1 Rxf2+ 36. Rxf2 Rxf2+ 37. Ke3 Rxc2 38.
Rxf1 Kxh6 $19 {Black is a healthy P up, and his pieces are also more active,
the game is over.} 39. Rf2 Rxf2 40. Kxf2 Kh5 41. Ke3 g5 42. a3 a4 43. Nb5 g4
44. Nxc7 g3 45. Kf3 Nxe4 46. Na8 Kh4 47. Kg2 Nf6 48. Nb6 Kg4 0-1